| 000 | 00399nam a2200145Ia 4500 | ||
|---|---|---|---|
| 008 | 150201s2009 xx 000 0 und d | ||
| 082 |
_a617.645 _bM2009A |
||
| 100 | _aAXELESON, PER | ||
| 245 | _aMINIMALLY INVASIVE TREATMENT ,ARREST AND CONTROL OF PERIODONTO. | ||
| 250 | _a1ST | ||
| 260 |
_bQUINTESSENCE PUBLICATION _aCHICAGO _c2009 |
||
| 300 | _a1-300 | ||
| 650 | _aPERIODONTICS | ||
| 942 |
_2ddc _cBK |
||
| 999 |
_c4655 _d4655 |
||